فن إعداد العصائر و الكوكتيل / (رقم التسجيلة. 126565)

تفاصيل مارك
000 -LEADER
fixed length control field 00587nam a22001937a 4500
005 - DATE AND TIME OF LATEST TRANSACTION
control field 20251108175121.0
008 - FIXED-LENGTH DATA ELEMENTS--GENERAL INFORMATION
fixed length control field 250721s2005 xx 000 0 ara d
020 ## - INTERNATIONAL STANDARD BOOK NUMBER
International Standard Book Number 9773458210
082 14 - DEWEY DECIMAL CLASSIFICATION NUMBER
Classification number م/641.8/فن
245 10 - TITLE STATEMENT
Title فن إعداد العصائر و الكوكتيل /
246 11 - VARYING FORM OF TITLE
Title proper/short title JUICES & SMOOTHIES
264 1# - PRODUCTION, PUBLICATION, DISTRIBUTION, MANUFACTURE, AND COPYRIGHT NOTICE
Place of production, publication, distribution, manufacture القاهرة :
Name of producer, publisher, distributor, manufacturer دار الفاروق للنشر و التوزيع،
Date of production, publication, distribution, manufacture, or copyright notice 2005.
300 ## - PHYSICAL DESCRIPTION
Extent 63 ص.
490 0# - SERIES STATEMENT
Series statement سلسلة المطبخ العالمي
650 17 - SUBJECT ADDED ENTRY--TOPICAL TERM
Topical term or geographic name as entry element العصائر
650 17 - SUBJECT ADDED ENTRY--TOPICAL TERM
Topical term or geographic name as entry element المشروبات
942 ## - ADDED ENTRY ELEMENTS (KOHA)
Source of classification or shelving scheme Dewey Decimal Classification
Koha item type مراجع
المقتنيات
حالة السحب حالة الفقدان مصدر التصنيف حالة التلف غير قابل للإعارة المكتبة الرئيسية المكتبة الحالية موقع الرف تاريخ التزويد الرقم المتسلسل Total Checkouts رقم الإستدعاء الباركود تاريخ آخر ظهور تاريخ الفاتورة نوع المادة (كوها)
    Dewey Decimal Classification   Not For Loan المكتبة المركزية المكتبة المركزية مراجع 19/02/2013 1543652   م/641.8/فن PLD00264824 28/07/2025 19/02/2013 مراجع
    Dewey Decimal Classification   Not For Loan مكتبة الجويدة مكتبة الجويدة مراجع 19/02/2013 1543653   م/641.8/فن PLD00264825 28/07/2025 19/02/2013 مراجع
Implemented & Customized by: BBB with SCIT (Smart Chains for Information Technology)

Powered by Koha